Statistics for Languages of the Ottoman Empire with a Map

Click here to take the quiz!

General Stats

  • This quiz has been taken 10,023 times
    (8,401 since last reset)
  • The average score is 21 of 92

Answers on the Map

Answers color-coded by a green-red scale on the quiz's map according to % correct below.
 

Answer Stats

Languages% Correct
Arabic
98%
Greek
98%
Ottoman Turkish
98%
Serbo-Croatian
95%
Romanian
94%
Bulgarian
93%
Armenian
90%
Albanian
88%
Georgian
88%
Hungarian
88%
Persian
86%
Azerbaijani
84%
Kurdish
69%
Crimean Tatar
68%
Italian
60%
German
54%
Amharic
45%
Coptic
44%
Tat
44%
Somali
43%
Suret
41%
Ossetian
37%
Abkhaz
35%
Chechen
33%
Nubian Languages
33%
Adyghe
27%
Oromo
22%
Ruthenian
21%
Dalmatian
20%
Tigrinya
20%
Aromanian
19%
Afar
15%
Avar
14%
Crimean Gothic
14%
Ingush
13%
Kabyle
12%
Balkan Gagauz Turkish
11%
Cappadocian Greek
11%
Laz
11%
Luri
11%
Tuareg
10%
Beja
9%
Judeo-Spanish
9%
Nogai
8%
Tamazight
8%
Zaza
8%
Svan
7%
Cuman
6%
Lezgian
6%
Mingrelian
6%
Tsakonian
6%
Kumyk
5%
Lak
5%
Talysh
5%
Ubykh
5%
Abaza
4%
Dargwa
4%
Gorani
4%
Tsezic
4%
Aghul
3%
Jassic
3%
Krymchak
3%
Mzab-Wargla
3%
Nilotic Languages
3%
Rutul
3%
Siwi
3%
Sokna
3%
Tabasaran
3%
Tsakhur
3%
Udi
3%
Urum
3%
Archi
2%
Bats
2%
East Zenati Languages
2%
Ghadamès
2%
Harari
2%
Khinalug
2%
Kunama
2%
Mandaic
2%
Saho
2%
Shawiya
2%
Shenwa
2%
Agaw
1%
Budukh
1%
Eastern Jebel Languages
1%
Eastern Middle Atlas
1%
Figuig
1%
Gumuz
1%
Jaghbub
1%
Jalu
1%
Nafusa
1%
Tmassa
1%

Score Distribution

Percentile by Number Answered

Percent of People with Each Score

Your Score History

You have not taken this quiz since the last reset